University Home | Library Home | Institutional Repository

Materials science in engineering / (Record no. 170658)

MARC details
000 -LEADER
fixed length control field 00651cam6a220022900 4500
001 - CONTROL NUMBER
control field lce00637324
008 - FIXED-LENGTH DATA ELEMENTS--GENERAL INFORMATION
fixed length control field 700901s1968 ohua b 000 0 eng
010 ## - LIBRARY OF CONGRESS CONTROL NUMBER
LC control number 68012556
035 ## - SYSTEM CONTROL NUMBER
System control number (Sirsi) r45435
035 ## - SYSTEM CONTROL NUMBER
System control number (DLC) 68012556
035 ## - SYSTEM CONTROL NUMBER
System control number (UPRA)lce00637324
050 0# - LIBRARY OF CONGRESS CALL NUMBER
Classification number TA403
Item number .K42
082 ## - DEWEY DECIMAL CLASSIFICATION NUMBER
Classification number 620.1/1
100 1# - MAIN ENTRY--PERSONAL NAME
Personal name Keyser, Carl A.
Linkage A3150.1
245 10 - TITLE STATEMENT
Title Materials science in engineering /
Statement of responsibility, etc. [by] Carl A. Keyser.
260 ## - PUBLICATION, DISTRIBUTION, ETC.
Place of publication, distribution, etc. Columbus, OH :
Name of publisher, distributor, etc. Merrill,
Date of publication, distribution, etc. [1968]
504 ## - BIBLIOGRAPHY, ETC. NOTE
Bibliography, etc. note Includes bibliographies.
650 #0 - SUBJECT ADDED ENTRY--TOPICAL TERM
Topical term or geographic name entry element Materials.
Linkage S45.1
949 ## - LOCAL PROCESSING INFORMATION (OCLC)
a TA403
w lcc
i -56806
m MAIN
t BOOK
l ON-SHELF
987 ## - LOCAL ROMANIZATION/CONVERSION HISTORY (OCLC)
Romanization/conversion identifier WITHDRAWN

No items available.

© 2026 - The University of Zambia Library - Koha v25.11